[Event "Match"]
[Site "www.echecsemail.com"]
[Date "2016.04.05"]
[Round "1"]
[White "Bojan"]
[Black "Elogic"]
[WhiteElo "1950"]
[BlackElo "1850"]
[Result "0-1"]
[Round "1"]
1.c4 g6
2.Nb1c3 e5
3.b3 c6
4.d3 Bf8c5
5.e3 d5
6.cxd5 cxd5
7.Nc3a4 Bc5b4
8.Ke2 b5
9.a3 Bb4d6
10.Na4c3 Ng8f6
11.Nc3xb5 Bd6c5
12.b4 Bc5e7
13.Bc1b2 Qd8b6
14.Ra1c1 Nb8c6
15.Nb5c3 d4
16.Nc3a4 Qb6b5
17.h3 dxe3
18.fxe3 Nf6g4
19.Na4c3 Qb5b6
20.Qd1d2 Ng4xe3
21.Qd2xe3 Nc6d4
22.Kd1 Qb6f6
23.Ng1f3 Nd4b3
24.Nc3d5 Qf6d6
25.Qe3xe5 Nb3xc1
26.Nd5xe7 Qd6xe5
27.Bb2xe5 Rh8f8
28.Ne7d5 Nc1xd3
29.Bf1xd3 Kd7
30.Bd3e4 Bc8b7
31.Kc2 Bb7xd5
32.Be4xd5 Ra8c8
33.Kb3 f6
34.Be5c3 Kd6
35.Rh1d1 Kc7
36.Nf3d4 Rf8e8
37.b5 Re8e3
38.Bd5c6 Kb6
39.a4 a6
40.Bc6d7 Rc8xc3
41.Kb4 a5

0-1

[Event "Match"]
[Site "www.echecsemail.com"]
[Date "2016.04.05"]
[Round "1"]
[White "Elogic"]
[Black "Umutkrc"]
[WhiteElo "1850"]
[BlackElo "2019"]
[Result "1-0"]
[Round "1"]
1.e4 e6
2.b3 Nb8c6
3.d4 a6
4.Bc1b2 Qd8h4
5.Bf1d3 Bf8b4
6.c3 Bb4a5
7.b4 Ba5b6
8.g3 Qh4d8
9.Ng1f3 d6
10.a4 a5
11.b5 Nc6e7
12.c4 c5
13.dxc5 dxc5
14.Bb2xg7 Ne7g6
15.Nf3e5 Ng6xe5
16.Bg7xh8 Ne5xd3
17.Ke2 Nd3b2
18.Qd1xd8 Bb6xd8
19.Bh8xb2 b6
20.f4 Bc8b7
21.Nb1d2 Ng8f6
22.Ke3 Nf6g4
23.Kf3 h5
24.h3 Ng4f6
25.g4 h4
26.Ke3 Nf6d7
27.Nd2f3 f5
28.e5 fxg4
29.hxg4 Bd8e7
30.Rh1h3 O-O-O
31.Nf3xh4 Rd8h8
32.g5 Nd7f8
33.Ra1g1 Nf8g6
34.Rg1g4 Be7f8
35.Kf2 Ng6e7
36.Kg3 Bb7e4
37.Rh3h2 Be4d3
38.Rh2d2 Bd3xc4
39.f5 Bc4b3
40.f6 Ne7d5
41.f7 Nd5e3
42.Rg4f4 Bb3xa4
43.Rf4xa4 Ne3f1
44.Kg4 Nf1xd2
45.Nh4g6 Rh8h7
46.Ng6xf8 Rh7xf7
47.Nf8xe6 c4
48.g6 Rf7e7
49.g7 Re7e8
50.Ne6f8 { resign }
1-0

[Event "Match"]
[Site "www.echecsemail.com"]
[Date "2016.04.05"]
[Round "1"]
[White "Gambitmiau"]
[Black "Elogic"]
[WhiteElo "1840"]
[BlackElo "1770"]
[Result "1-0"]
[Round "1"]
1.e4 g6
2.d4 d5
3.e5 f6
4.Ng1f3 fxe5
5.Nf3xe5 Bf8g7
6.Bc1e3 Bg7xe5
7.dxe5 Nb8c6
8.Bf1b5 Bc8d7
9.Qd1xd5 a6
10.Bb5c4 b5
11.Qd5f7 { resign }
1-0

[Event "Match"]
[Site "www.echecsemail.com"]
[Date "2016.04.05"]
[Round "1"]
[White "Carazo"]
[Black "Gambitmiau"]
[WhiteElo "1850"]
[BlackElo "1800"]
[Result "0-1"]
[Round "1"]
1.e4 Nb8c6
2.d4 d5
3.e5 Bc8f5
4.Bf1b5 Bf5d7
5.c4 e6
6.Ng1f3 dxc4
7.Bb5xc4 Bf8e7
8.Nb1c3 Nc6a5
9.Bc4d3 c5
10.O-O c4
11.Bd3e4 Ra8b8
12.d5 f6
13.Qd1e1 f5
14.Be4c2 Be7b4
15.Bc1d2 Ng8e7
16.Nc3e2 exd5
17.Bd2xb4 Na5c6
18.Bb4d6 Rb8c8
19.Ne2f4 O-O
20.e6 Bd7e8
21.Bd6e5 Nc6xe5
22.Qe1xe5 Ne7c6
23.Qe5c3 b5
24.Rf1e1 b4
25.Qc3e3 d4
26.Qe3d2 d3
27.e7 Nc6xe7
28.Bc2d1 Ne7d5
29.Nf4e6 c3
30.bxc3 bxc3
31.Qd2g5 Qd8xg5
32.Ne6xg5 c2
33.Bd1e2 Be8b5
34.Be2f1 d2
35.Nf3xd2 Bb5xf1
36.Kxf1 h6
37.Ng5e6 Rf8e8
38.Ra1c1 Nd5b4
39.a3 Nb4d3
40.Rc1a1 Nd3xe1
41.Nd2b3 Re8xe6
42.Ra1xe1 Re6d6
43.f4 Rd6d1
44.g3 Rc8e8
45.a4 Rd1xe1
46.Kf2 Re1b1
{ resign }
0-1

[Event "Match"]
[Site "www.echecsemail.com"]
[Date "2016.04.05"]
[Round "1"]
[White "Wagner"]
[Black "Bjornhn"]
[WhiteElo "1700"]
[BlackElo "1699"]
[Result "1-0"]
[Round "1"]
1.e4 e5
2.Bf1c4 Ng8f6
3.Nb1c3 d6
4.h3 Bf8e7
5.d4 O-O
6.Ng1f3 exd4
7.Qd1xd4 Nb8c6
8.Qd4d2 h6
9.a3 Nf6h7
10.h4 Bc8g4
11.Qd2f4 Bg4xf3
12.gxf3 Nc6e5
13.Rh1g1 Ne5xc4
14.b3 Nc4e5
15.Nc3d5 Be7xh4
16.Bc1b2 Bh4g5
17.Qf4g3 Bg5f6
18.O-O-O Ne5g6
19.Bb2xf6 Nh7xf6
20.Nd5e3 Qd8e7
21.Rd1d4 d5
22.Ne3f5 Qe7xa3
23.Kd2  { time }
1-0

[Event "1/128 Finale"]
[Site "www.chess-mail.com"]
[Date "2016.04.05"]
[Round "1"]
[White "Elogic"]
[Black "Mustaphly"]
[WhiteElo "1820"]
[BlackElo "2820"]
[Result "0-1"]
[Round "1"]
1.c4 e5
2.Qd1b3 d6
3.e4 Ng8f6
4.f3 Nb8c6
5.Ng1e2 Bf8e7
6.Nb1c3 Nf6d7
7.Nc3a4 O-O
8.Ne2c3 Nc6d4
9.Qb3d1 c6
10.b4 f5
11.exf5 Nd7b6
12.Bf1d3 Be7h4
13.g3 Bc8xf5
14.Nc3e4 d5
15.Ne4f2 Bf5xd3
16.Nf2xd3 Nd4xf3
17.Ke2 Nf3d4
18.Ke1 Nb6xa4
19.Qd1xa4 Qd8g5
20.Nd3xe5 Qg5xe5
21.Kd1 Qe5e2
{ resign }
0-1

[Event "Eq:Equipo Juan Diaz-Slap Shot Mates : "]
[Site "www.chess-mail.com"]
[Date "2016.04.05"]
[Round "1"]
[White "Ecijaajedrez"]
[Black "Geodad5"]
[WhiteElo "2360"]
[BlackElo "2140"]
[Result "1-0"]
[Round "1"]
1.d4 d5
2.c4 e6
3.Nb1c3 Ng8f6
4.cxd5 exd5
5.Bc1g5 Bf8e7
6.e3 c6
7.Bf1d3 Nb8d7
8.Qd1c2 h6
9.Bg5h4 O-O
10.Ng1f3 Be7d6
11.O-O Qd8c7
12.Ra1c1 g5
13.Bh4g3 Kg7
14.Nc3b5 Qc7b8
15.Bg3xd6 { resign }
1-0

[Event "Tourn. n8697"]
[Site "www.chess-mail.com"]
[Date "2016.04.06"]
[Round "1"]
[White "Drawmaster"]
[Black "Sargentoabel"]
[WhiteElo "1670"]
[BlackElo "1809"]
[Result "0-1"]
[Round "1"]
1.c4 c6
2.d4 d5
3.cxd5 cxd5
4.Nb1c3 Ng8f6
5.Bc1f4 Qd8b6
6.Qd1d2 Nb8c6
7.e3 Bc8f5
8.Bf1b5 Ra8c8
9.Ng1e2 Nf6e4
10.O-O Ne4xd2
{ resign }
0-1

[Event "Tourn. n8668"]
[Site "www.chess-mail.com"]
[Date "2016.04.06"]
[Round "1"]
[White "Faerieking"]
[Black "Panham"]
[WhiteElo "2160"]
[BlackElo "2200"]
[Result "1-0"]
[Round "1"]
1.e4 e6
2.d4 d5
3.Nb1c3 Ng8f6
4.Bc1g5 Bf8e7
5.e5 Nf6d7
6.h4 Nb8c6
7.Bf1d3 h6
8.Bg5xe7 Nc6xe7
9.Qd1g4 Kf8
10.h5 c5
11.Rh1h3 Rh8g8
12.dxc5 Nd7xe5
13.Qg4f4 Qd8c7
14.Kf1 Ne7c6
15.Ng1f3 Qc7b8
16.Bd3b5 Ne5xf3
17.Qf4xf3 Bc8d7
18.Bb5xc6 Bd7xc6
19.Ra1e1 d4
20.Nc3e4 f5
21.g4 Ke7
22.gxf5 Rg8f8
23.Qf3g4 Kd8
24.Qg4xg7 Rf8e8
25.Ne4d6 Qb8c7
26.Nd6xe8 Bc6b5
27.Kg1 Qc7xc5
28.Ne8f6 Qc5xf5
29.Rh3d3 Qf5g5
30.Qg7xg5 hxg5
31.Rd3xd4 Ke7
32.Nf6d5 Kf7
33.Nd5c7 { resign }
1-0

[Event "Tourn. n8556"]
[Site "www.chess-mail.com"]
[Date "2016.04.06"]
[Round "1"]
[White "Orhany24"]
[Black "Heiserman"]
[WhiteElo "2030"]
[BlackElo "2170"]
[Result "1-0"]
[Round "1"]
1.e4 c6
2.d4 d5
3.exd5 cxd5
4.Ng1f3 Bc8f5
5.Bf1d3 Bf5xd3
6.Qd1xd3 Ng8f6
7.O-O Nb8c6
8.a3 e6
9.Bc1g5 Bf8e7
10.c4 O-O
11.Nb1c3 h6
12.Bg5h4 Ra8c8
13.c5 b6
14.b4 g5
15.Bh4g3 Nf6h5
16.b5 Nh5xg3
17.hxg3 Nc6a5
18.c6 Be7f6
19.a4 Qd8d6
20.Rf1e1 Na5c4
21.Ra1a2 e5
22.dxe5 Nc4xe5
23.Nf3xe5 Bf6xe5
24.Qd3xd5 Qd6xd5
25.Nc3xd5 Be5d6
26.Nd5e7 Bd6xe7
27.Re1xe7 a6
28.Re7b7 axb5
29.axb5 Kg7
30.Rb7xb6 Rc8c7
31.Ra2c2 Rf8a8
32.Rc2d2 h5
33.f4 Kf6
34.Kf2 gxf4
35.gxf4 Ke7
36.Rd2d3 Ke6
37.Kf3 f6
38.g3 Ke7
39.Ke4 Rc7a7
40.Kf5 Ra7c7
41.Rd3e3 Kd6
42.Re3e6 Kc5
43.Rb6b7 Ra8a7
44.b6 Ra7xb7
45.cxb7 Rc7xb7
46.Re6xf6 Rb7d7
47.Kg5 Rd7d3
48.Kh4 Rd3b3
49.Rf6f5 { resign }
1-0

[Event "Tourn. n8696"]
[Site "www.chess-mail.com"]
[Date "2016.04.06"]
[Round "1"]
[White "Chessexpert"]
[Black "Olddog55"]
[WhiteElo "1440"]
[BlackElo "1590"]
[Result "1-0"]
[Round "1"]
1.e4 e5
2.Ng1f3 Nb8c6
3.Bf1b5 Ng8f6
4.d3 Bf8e7
5.O-O O-O
6.Bb5xc6 bxc6
7.Nf3xe5 Bc8a6
8.Nb1c3 d5
9.Ne5xc6 Qd8d7
10.Nc6xe7 Qd7xe7
11.exd5 Qe7d6
12.Qd1f3 Ba6b7
13.Bc1f4 Qd6c5
14.Bf4e3 Qc5b4
15.Ra1b1 Rf8d8
16.a3 Qb4a5
17.Qf3g3 Nf6xd5
18.Nc3xd5 Bb7xd5
19.Be3d4 g6
20.Qg3e5 Kf8
21.Rb1e1 { resign }
1-0

[Event "Tourn. n8705"]
[Site "www.chess-mail.com"]
[Date "2016.04.06"]
[Round "1"]
[White "Attatroll"]
[Black "Elogic"]
[WhiteElo "1960"]
[BlackElo "1800"]
[Result "1-0"]
[Round "1"]
1.d4 g6
2.c4 d5
3.Ng1f3 dxc4
4.e4 b5
5.a4 c6
6.axb5 cxb5
7.Nb1c3 Bc8d7
8.Bf1e2 e6
9.b3 Qd8c7
10.bxc4 bxc4
11.O-O a6
12.Nf3e5 Bf8g7
13.Ne5xc4 Bd7b5
14.Nc3xb5 Qc7d7
15.Nb5d6 Ke7
16.Bc1a3 Kd8
17.Ra1b1 Ng8e7
18.Nd6xf7 Ke8
19.Nc4d6 Kf8
20.Rb1b7 Qd7c6
21.Qd1b3 Rh8g8
22.Rf1c1 { resign }
1-0

[Event "Tourn. n8676"]
[Site "www.chess-mail.com"]
[Date "2016.04.06"]
[Round "1"]
[White "Glenno"]
[Black "Tonino1"]
[WhiteElo "2400"]
[BlackElo "2270"]
[Result "1-0"]
[Round "1"]
1.e4 c5
2.Ng1f3 d6
3.d4 cxd4
4.Nf3xd4 Ng8f6
5.Nb1c3 g6
6.Bc1e3 Bf8g7
7.f3 O-O
8.Qd1d2 Rf8e8
9.O-O-O Nb8c6
10.Bf1c4 Nc6xd4
11.Be3xd4 Bc8d7
12.Bd4xf6 Bg7xf6
13.Nc3d5 Bf6g7
14.b3 Ra8c8
15.f4 Qd8a5
16.Qd2xa5  { time }
1-0

[Event "Tourn. n8656"]
[Site "www.chess-mail.com"]
[Date "2016.04.06"]
[Round "1"]
[White "Tonino1"]
[Black "Squimichele"]
[WhiteElo "2200"]
[BlackElo "2540"]
[Result "0-1"]
[Round "1"]
1.d4 Ng8f6
2.Ng1f3 g6
3.e3 Bf8g7
4.Bf1d3 O-O
5.b3 d6
6.Bc1b2 c5
7.Nb1d2 Nb8c6
8.a3 cxd4
9.exd4 Nf6d5
10.g3 Ra8b8
11.c4 Nd5c7
12.O-O Nc7e6
13.Ra1c1 Ne6xd4
14.Nf3xd4 Nc6xd4
15.Bd3b1 Nd4e2
16.Qd1xe2 Bg7xb2
17.Rc1e1 Bc8h3
 { time }
0-1

[Event "Tourn. n8638"]
[Site "www.chess-mail.com"]
[Date "2016.04.06"]
[Round "1"]
[White "Passaroa25"]
[Black "Koumaak"]
[WhiteElo "1570"]
[BlackElo "1499"]
[Result "0-1"]
[Round "1"]
1.e4 d6
2.Ng1e2 e5
3.Ne2g3 Ng8f6
4.f3 d5
5.Bf1e2 dxe4
6.Ng3xe4 Nf6xe4
7.fxe4 b6
8.Be2f3 Bf8d6
9.d3 O-O
10.Bc1e3 Bc8e6
11.O-O Qd8h4
12.Be3f2 Qh4h6
13.Nb1d2 Nb8c6
14.Bf2g3 Nc6d4
15.Nd2c4 Be6xc4
16.dxc4 Nd4xf3
17.Qd1xf3 Qh6d2
18.Qf3d3 Qd2g5
19.Ra1e1 Ra8e8
20.Rf1f5 Qg5e7
21.Rf5f2 Bd6c5
22.Kf1 Bc5xf2
23.Bg3xf2 Re8d8
24.Qd3b3 Qe7f6
25.Qb3f3 Qf6xf3
26.gxf3 Rd8d2
27.Re1c1 Rf8d8
28.Bf2e3 Rd2xh2
29.b4 Rh2h1
30.Be3g1 Rd8d4
31.Kg2 Rh1xg1
32.Kxg1 Rd4xc4
33.a3 f6
34.c3 c5
35.Kg2 cxb4
36.axb4 Kf7
37.b5 Ke6
38.Kf2 f5
39.exf5 Kxf5
40.Ke3 h5
41.Kd3 Rc4f4
42.Rc1f1 g5
43.c4 h4
44.Kc3 g4
45.Kd3 gxf3
46.Ke3 Kg4
47.Rf1g1 Kf5
48.Kf2 e4
49.Ke3 h3
50.Rg1f1 h2
51.Kf2 Rf4h4
52.Kg3 h1Q
53.Rf1xh1 Rh4xh1
54.Kf2 Kf4
{ resign }
0-1

[Event "Tourn. n8604"]
[Site "www.chess-mail.com"]
[Date "2016.04.06"]
[Round "1"]
[White "Gatrooper"]
[Black "Azulmarino"]
[WhiteElo "1620"]
[BlackElo "1480"]
[Result "1-0"]
[Round "1"]
1.e4 e5
2.a3 Ng8f6
3.Nb1c3 d6
4.h3 Bc8e6
5.Nc3b5 Nf6xe4
6.d3 Qd8f6
7.Ng1f3 Kd8
8.dxe4 Qf6e7
9.Bc1g5 f6
10.Bg5h4 a6
11.Nb5c3 Nb8c6
12.g4 g5
13.Bh4g3 Bf8g7
14.Bf1e2 Ke8
15.b4 b5
16.O-O h5
17.Nf3h2 Nc6d4
18.f3 h4
19.Bg3f2 Nd4c6
20.Be2d3 Kd8
21.Bf2e3 Ke8
22.Qd1e2 Be6f7
23.Nc3b1 Qe7e6
24.Nb1c3 Bg7f8
25.Nc3d5 Kd8
26.Qe2f2 Bf8e7
27.f4 exf4
28.Be3d2 Nc6e5
29.Nh2f3 Ne5xg4
30.hxg4 Qe6xg4
31.Qf2g2 Bf7e6
32.Qg2xg4 Be6xg4
33.Nf3h2 Bg4e6
34.Nd5xe7 Kxe7
35.Bd2c3 Be6h3
36.Rf1f3 g4
37.Rf3xf4 g3
38.Bc3xf6 Kd7
39.Bf6xh8 Ra8xh8
40.Nh2f3 Ke7
41.Ra1e1 c5
42.Nf3xh4 Rh8g8
43.e5 c4
44.exd6 Kxd6
45.Rf4f6 Kd5
46.Bd3e4 Ke5
47.Rf6f3 Kd6
48.Re1d1 Ke5
49.Rf3e3 Kf4
50.Rd1e1 Rg8h8
51.Nh4g6 Kg5
52.Ng6xh8 Kg4
53.Be4f3 Kf4
54.Nh8g6 Kf5
55.Bf3e4 Kg4
56.Ng6e5 Kf4
57.Ne5g6 Kg5
58.Re3xg3 Kf6
59.Rg3xh3 Ke6
60.Rh3h6 Kf6
61.Be4d5 Kg5
62.Rh6h2 Kxg6
63.Re1e4 Kf5
64.Rh2f2 Kg5
65.Bd5e6 Kg6
66.Re4g4 { resign }
1-0

[Event "Tourn. n8700"]
[Site "www.chess-mail.com"]
[Date "2016.04.06"]
[Round "1"]
[White "Mitja"]
[Black "Matchbox"]
[WhiteElo "1910"]
[BlackElo "1810"]
[Result "1/2-1/2"]
[Round "1"]
1.d4 d5
2.e3 Bc8f5
3.h3 e6
4.Ng1f3 Ng8f6
5.Nf3e5 a6
6.c3 Bf8e7
7.Qd1a4 Nb8d7
8.Ne5xd7 Nf6xd7
9.Nb1d2 O-O
10.g4 Bf5g6
11.f4 b5
12.Qa4d1 Nd7b6
13.Nd2b3 Bg6e4
14.Rh1g1 Be7h4
15.Ke2 Nb6c4
16.Bf1g2 Be4xg2
17.Rg1xg2 Bh4e7
18.Nb3d2 c5
19.Nd2xc4 dxc4
20.Bc1d2 Qd8d5
21.Qd1f1 cxd4
22.cxd4 Qd5e4
23.Ra1c1 Qe4d3
{ draw }
1/2-1/2

[Event "Tourn. n8656"]
[Site "www.chess-mail.com"]
[Date "2016.04.06"]
[Round "1"]
[White "Greghghs"]
[Black "Tonino1"]
[WhiteElo "2310"]
[BlackElo "2200"]
[Result "1/2-1/2"]
[Round "1"]
1.b3 Ng8f6
2.Bc1b2 g6
3.c4 Bf8g7
4.e3 O-O
5.Ng1f3 d6
6.d4 c6
7.Bf1e2 Qd8c7
8.Nb1c3 e5
9.O-O e4
10.Nf3d2 d5
11.Ra1c1 Qc7e7
12.cxd5 cxd5
13.Nc3b5 Nb8a6
14.Bb2a3 Na6b4
15.Rc1c7 Nf6d7
16.Nd2b1 a5
17.Rc7c1 Ra8a6
18.Nb5c7 Ra6d6
19.Nb1c3 Nd7b6
20.Nc7b5 Rd6c6
21.Nb5a7 Rc6c7
22.Na7b5 Rc7c6
23.Nb5a7 Rc6c7
24.Na7b5 Rc7c6
25.Nb5a7 { draw }
1/2-1/2

[Event "Tourn. n8646"]
[Site "www.chess-mail.com"]
[Date "2016.04.06"]
[Round "1"]
[White "Azulmarino"]
[Black "Osmundw"]
[WhiteElo "1490"]
[BlackElo "1410"]
[Result "1-0"]
[Round "1"]
1.e4 e5
2.Ng1f3 Bf8d6
3.Bf1c4 c6
4.Nb1c3 b5
5.Bc4d3 Ng8f6
6.Nf3g5 h6
7.Ng5f3 Bc8b7
8.b3 Nb8a6
9.Bc1b2 b4
10.Nc3e2 Na6c5
11.Ne2g3 Bb7a6
12.Ng3f5 Ba6xd3
13.Nf5xd6 Ke7
14.Bb2xe5 Nf6xe4
15.cxd3 Nc5xd3
16.Ke2 Nd3b2
17.Qd1c2 Ne4c3
18.dxc3 bxc3
19.Qc2f5 c2
20.Qf5xf7 { resign }
1-0

[Event "Tourn. n8651"]
[Site "www.chess-mail.com"]
[Date "2016.04.06"]
[Round "1"]
[White "Elogic"]
[Black "Cal"]
[WhiteElo "1900"]
[BlackElo "1760"]
[Result "1-0"]
[Round "1"]
1.e4 e5
2.Ng1f3 d6
3.h3 a6
4.Bf1c4 b5
5.Bc4d5 c6
6.Bd5b3 h6
7.a4 bxa4
8.Bb3xa4 Bc8d7
9.c3 Ng8f6
10.d3 Bf8e7
11.Bc1e3 O-O
12.Nb1d2 Nf6h5
13.Nf3xe5 dxe5
14.Nd2f3 f5
15.Nf3xe5 Bd7e6
16.Ne5g6 Be6f7
17.exf5 Qd8d5
18.Ng6xe7 Kh7
19.Ne7xd5 cxd5
20.Be3c5 Rf8c8
21.Bc5d4 a5
22.Qd1f3 Nb8a6
23.Ba4b3 Rc8d8
24.g4 Nh5f6
25.Bd4xf6 gxf6
26.O-O Na6c5
27.Bb3c2 a4
28.d4 Nc5b3
29.Bc2xb3 axb3
30.Ra1xa8 Rd8xa8
31.Qf3e3 Ra8a2
32.Qe3e7 Kg7
33.Rf1b1 Ra2a5
34.Qe7b4 Ra5a6
35.Qb4xb3 Ra6d6
36.Rb1a1 h5
37.Qb3b8 Rd6d7
38.Ra1a8 Kh6
39.Qb8h8 Kg5
40.Qh8g7 Kf4
41.Qg7xf6 hxg4
42.Qf6e5 Kg5
43.f6 Kg6
44.hxg4 Rd7b7
45.Qe5f5 Kh6
46.Ra8h8 
1-0

[Event "Match"]
[Site "www.echecsemail.com"]
[Date "2016.04.06"]
[Round "1"]
[White "Yakke"]
[Black "Jean"]
[WhiteElo "1720"]
[BlackElo "1019"]
[Result "1-0"]
[Round "1"]
1.e4 Ng8h6
2.d4 Nh6g8
3.Ng1f3 e6
4.Nb1c3 c6
5.Bc1g5 f6
6.Bg5d2 b5
7.Bf1e2 b4
8.Nc3b1 g6
9.O-O Ng8h6
{ time. }
1-0

[Event "Match"]
[Site "www.echecsemail.com"]
[Date "2016.04.06"]
[Round "1"]
[White "Stormwind"]
[Black "Starwind"]
[WhiteElo "2730"]
[BlackElo "2440"]
[Result "1/2-1/2"]
[Round "1"]
1.d4 Ng8f6
2.c4 e6
3.g3 d5
4.Ng1f3 Bf8e7
5.Bf1g2 O-O
6.O-O dxc4
7.Qd1c2 a6
8.a4 Bc8d7
9.Qc2xc4 Bd7c6
10.Bc1g5 Bc6d5
11.Qc4d3 c5
12.Nb1c3 Bd5c6
13.Rf1d1 cxd4
14.Nf3xd4 Bc6xg2
15.Bg5xf6 Be7xf6
16.Kxg2 Nb8c6
17.Nd4xc6 Qd8xd3
18.Rd1xd3 bxc6
19.Ra1b1 Ra8b8
20.b3 Rf8d8
21.Rd3xd8 Bf6xd8
22.Nc3e4 Bd8e7
{ draw }
1/2-1/2

[Event "Match"]
[Site "www.echecsemail.com"]
[Date "2016.04.06"]
[Round "1"]
[White "Baray"]
[Black "1xdia"]
[WhiteElo "1799"]
[BlackElo "1499"]
[Result "0-1"]
[Round "1"]
1.e4 c5
2.Bf1b5 Nb8c6
3.d4 Nc6xd4
4.a4 Nd4xb5
5.axb5 d6
6.Bc1g5 Qd8a5
7.Nb1d2 Qa5xb5
 { time }
0-1

[Event "Match"]
[Site "www.echecsemail.com"]
[Date "2016.04.06"]
[Round "1"]
[White "Baray"]
[Black "Afrikanu007"]
[WhiteElo "1799"]
[BlackElo "1799"]
[Result "0-1"]
[Round "1"]
1.e4 e5
2.Bf1b5 a6
3.c4 axb5
4.cxb5 Qd8f6
5.h4 Bf8c5
6.Ng1h3 d6
7.Nh3g5 Qf6xf2
 { time }
0-1

[Event "Match"]
[Site "www.echecsemail.com"]
[Date "2016.04.06"]
[Round "1"]
[White "Fangshuo"]
[Black "Tonino1"]
[WhiteElo "2120"]
[BlackElo "2290"]
[Result "0-1"]
[Round "1"]
1.e4 e5
2.Ng1f3 Ng8f6
3.Nf3xe5 d6
4.Ne5f3 Nf6xe4
5.Qd1e2 Qd8e7
6.d3 Ne4f6
7.Bc1g5 Qe7xe2
8.Bf1xe2 Bf8e7
9.Nb1c3 O-O
10.O-O-O Nb8c6
11.Bg5xf6 Be7xf6
12.Nc3d5 Bf6d8
13.h3 Bc8e6
14.c4 Be6xd5
15.cxd5 Nc6b4
16.Kb1 Nb4xd5
17.d4 Nd5f4
18.Be2c4 Nf4xg2
19.Rh1g1 Ng2f4
20.h4 d5
21.Bc4b5 c6
22.Bb5f1 Bd8e7
23.Rg1g4 Nf4e6
24.h5 Rf8d8
25.Rd1e1 c5
26.Bf1d3 Be7f6
27.h6 c4
28.Bd3c2 g6
29.Bc2a4 a6
30.Nf3e5 b5
31.Ba4d1 Ne6f8
32.f4 Rd8e8
33.Bd1f3 Ra8d8
34.Rg4g3 Bf6h4
35.Re1g1 Bh4xg3
36.Rg1xg3 Nf8e6
37.Ne5c6 Rd8d6
{ resign }
0-1

[Event "Match"]
[Site "www.echecsemail.com"]
[Date "2016.04.06"]
[Round "1"]
[White "1xdia"]
[Black "Elogic"]
[WhiteElo "1499"]
[BlackElo "1770"]
[Result "1-0"]
[Round "1"]
1.e4 g6
2.d4 d5
3.e5 Bf8g7
4.Ng1f3 f6
5.Nb1c3 fxe5
6.Nf3xe5 Bg7xe5
7.dxe5 Bc8f5
8.Bf1d3 Bf5xd3
9.Qd1xd3 e6
10.Qd3b5 Nb8c6
11.Bc1f4 Ra8b8
12.O-O-O a6
13.Qb5a4 b5
14.Qa4xa6 Nc6b4
15.Qa6xe6 Ng8e7
16.Nc3xd5 Nb4xd5
17.Rd1xd5 Qd8xd5
18.Qe6xd5 Ne7xd5
19.Bf4g3 O-O
20.Rh1d1 Nd5b4
21.a3 Nb4a6
22.Rd1d7 Rf8d8
23.Rd7e7 b4
24.axb4 Rb8xb4
25.c3 Rb4c4
26.Kc2 Rc4e4
27.b4 Re4e2
28.Kb3 c5
29.b5 Rd8b8
30.Kc4 Na6b4
31.cxb4 cxb4
32.e6 Rb8b6
33.Bg3c7 Rb6xe6
34.Re7xe6 Re2xe6
35.b6 Re6e2
36.b7 Re2e8
37.b8Q Re8xb8
38.Bc7xb8 Kf7
39.g4 g5
40.Kd5 b3
41.Bb8e5 Ke7
42.h3 Kf7
43.Kd6 Kg6
44.Ke6 h5
45.f3 hxg4
46.fxg4 Kh6
47.Kf6 Kh7
48.Kxg5 Kg8
49.Kg6 Kf8
50.h4 Ke7
51.h5 Ke6
52.Be5b2 Kd5
53.h6 Kc4
54.h7 { resign }
1-0

[Event "Match"]
[Site "www.echecsemail.com"]
[Date "2016.04.06"]
[Round "1"]
[White "Maredocla"]
[Black "Elogic"]
[WhiteElo "2140"]
[BlackElo "1810"]
[Result "1-0"]
[Round "1"]
1.f4 Nb8c6
2.Ng1f3 d6
3.b3 Bc8d7
4.Bc1b2 Ng8f6
5.e3 e6
6.Bf1d3 Bf8e7
7.c3 h6
8.Nb1a3 a6
9.h3 g6
10.g4 e5
11.fxe5 dxe5
12.Bd3c2 e4
13.Nf3d4 Nc6xd4
14.exd4 g5
15.Qd1e2 Bd7c6
16.Rh1f1 Be7xa3
17.Bb2xa3 Kd7
18.Qe2f2 Nf6xg4
19.Qf2f5 { resign }
1-0

[Event "Match"]
[Site "www.echecsemail.com"]
[Date "2016.04.06"]
[Round "1"]
[White "Umutkrc"]
[Black "Elogic"]
[WhiteElo "1980"]
[BlackElo "1880"]
[Result "1/2-1/2"]
[Round "1"]
1.e3 e6
2.d4 c5
3.Nb1c3 a6
4.dxc5 Bf8xc5
5.Nc3e4 Qd8a5
6.Bc1d2 Bc5b4
7.Ne4d6 Kf8
8.Nd6xc8 Nb8c6
9.Nc8d6 Bb4xd2
10.Qd1xd2 Qa5e5
11.Nd6c4 Qe5c7
12.Qd2d6 Qc7xd6
13.Nc4xd6 Nc6b4
14.Bf1d3 Ke7
15.Nd6xb7 Ra8c8
16.a3 Rc8xc2
17.axb4 Rc2xb2
18.Ra1b1 Rb2a2
19.b5 axb5
20.Bd3xb5 Ng8f6
21.Nb7c5 Rh8b8
22.Bb5d3 Rb8xb1
23.Bd3xb1 Ra2a1
24.f3 Nf6d5
25.Kf2 Ra1xb1
26.Nc5e4 h6
27.h4 f5
28.Ne4d2 Rb1b2
29.Ke2 e5
30.e4 Nd5f4
31.Kd1 Nf4xg2
32.exf5 Ng2e3
33.Kc1 Rb2b6
34.Ng1e2 Ne3xf5
35.h5 Rb6c6
36.Kb2 Nf5e3
37.Rh1g1 Rc6c2
38.Kb1 g5
39.Rg1d1 Ke6
40.Ne2g3 Rc2c3
41.Rd1c1 Rc3d3
42.Nd2e4 d6
43.Rc1c6 Ne3f5
44.Ne4c5 Kd5
45.Nc5xd3 Nf5xg3
46.Nd3b4 Ke6
47.Nb4c2 Ng3xh5
48.Rc6c8 Nh5f6
49.Rc8h8 h5
50.Nc2e3 d5
51.Kc2 d4
52.Ne3c4 Kd5
53.Rh8c8 e4
54.Nc4b6 Ke5
55.fxe4 Nf6xe4
56.Rc8e8 Kf4
57.Kd3 Ne4f6
58.Kxd4 Nf6xe8
59.Nb6d5 Kg4
60.Ke3 h4
61.Kf2 h3
62.Nd5e3 Kh4
63.Ne3f5 Kh5
64.Kg3 g4
65.Nf5e3 Ne8f6
66.Ne3xg4 Nf6xg4
67.Kxh3 Kg5
68.Kg3 Ng4f6
{ draw }
1/2-1/2

[Event "Match"]
[Site "www.echecsemail.com"]
[Date "2016.04.06"]
[Round "1"]
[White "Rindrandria"]
[Black "Ranjachess"]
[WhiteElo "1590"]
[BlackElo "1730"]
[Result "0-1"]
[Round "1"]
1.e4 e5
2.Ng1f3 Nb8c6
3.Bf1c4 h6
4.Bc4d5 Ng8f6
5.c3 b6
6.Nf3xe5 Nf6xd5
7.Ne5xf7 Kxf7
8.Qd1h5 g6
9.Qh5xd5 Kg7
10.b4 Qd8g5
11.Qd5b3 Qg5xg2
12.Rh1f1 Qg2xe4
13.Kd1 d6
14.c4 Nc6d4
15.Bc1b2 c5
16.Nb1c3 Bc8g4
17.f3 Bg4xf3
18.Rf1xf3 Qe4xf3
19.Nc3e2 Qf3f1

0-1

[Event "Eq:Royal chess-Equipo Juan Diaz : "]
[Site "www.chess-mail.com"]
[Date "2016.04.06"]
[Round "1"]
[White "Ilusion"]
[Black "Vinvangogh"]
[WhiteElo "2010"]
[BlackElo "1530"]
[Result "1-0"]
[Round "1"]
1.d4 d5
2.c4 Ng8f6
3.cxd5 Qd8xd5
4.Nb1c3 Qd5a5
5.Ng1f3 Nf6d5
6.Bc1d2 Nb8c6
7.e3 e5
8.dxe5 Nd5xc3
9.Bd2xc3 Qa5b6
10.Bf1e2 Bf8b4
11.Qd1c2 Bc8g4
12.O-O Nc6e7
13.Qc2a4 Ne7c6
14.Bc3xb4 Ra8d8
15.Bb4a3 h5
16.Ra1d1 Rd8xd1
17.Be2xd1 h4
18.h3 Bg4d7
19.Qa4c2 Rh8h5
20.Bd1e2 g5
21.Nf3h2 Rh5h6
22.Be2g4 Bd7xg4
23.Nh2xg4 Rh6e6
24.Ng4f6 Kd8
25.Qc2d3 Kc8
26.Qd3d7 Kb8
27.Qd7xe6 fxe6
28.Nf6d7 Ka8
29.Nd7xb6 axb6
30.f4 gxf4
31.exf4 b5
32.b3 Ka7
33.Ba3c5 b6
34.Bc5f2 Ka6
35.Bf2xh4 Ka5
36.Rf1c1 Nc6b4
37.a3 Nb4a2
38.Rc1xc7 b4
39.Bh4e1 Kb5
40.a4 Ka5
41.Rc7a7 { time. }
1-0

[Event "Eq:La Taverne-Slap Shot Mates : "]
[Site "www.chess-mail.com"]
[Date "2016.04.06"]
[Round "1"]
[White "Gilliere"]
[Black "Witpar"]
[WhiteElo "1940"]
[BlackElo "2700"]
[Result "0-1"]
[Round "1"]
1.d4 Ng8f6
2.c4 g6
3.e3 Bf8g7
4.Nb1c3 O-O
5.Ng1f3 d6
6.Bf1e2 Nb8d7
7.O-O e5
8.dxe5 dxe5
9.Qd1c2 c6
10.Nc3e4 Nf6xe4
11.Qc2xe4 Nd7c5
12.Qe4c2 Bc8f5
13.Qc2d2 Qd8b6
14.b3 Rf8d8
15.Qd2e1 Nc5d3
16.Be2xd3 Bf5xd3
17.Bc1b2 f6
18.Qe1d2 Bd3xf1
19.Qd2c1 Bf1d3
20.Nf3e1 Bd3f5
21.h3 a5
22.Ne1f3 a4
23.bxa4 Ra8xa4
{ resign }
0-1

[Event "Eq:La Taverne-Slap Shot Mates : "]
[Site "www.chess-mail.com"]
[Date "2016.04.06"]
[Round "1"]
[White "Witpar"]
[Black "Gilliere"]
[WhiteElo "2700"]
[BlackElo "1940"]
[Result "1-0"]
[Round "1"]
1.d4 Ng8f6
2.c4 g6
3.Nb1c3 Bf8g7
4.e4 d6
5.f3 O-O
6.Bc1e3 Nb8d7
7.Qd1d2 Rf8e8
8.Ng1e2 e5
9.d5 Nd7b6
10.b3 Nb6d7
11.g4 a6
12.Ne2g3 b6
13.O-O-O Nd7c5
14.h4 Bc8d7
15.h5 gxh5
16.g5 Nf6xe4
17.fxe4 Bd7g4
18.Bf1e2 Bg4xe2
19.Qd2xe2 h4
20.Rh1xh4 Bg7h6
21.Qe2h5 Bh6xg5
22.Be3xg5 Qd8xg5
23.Qh5xg5 { resign }
1-0

[Event "Eq:Equipo Juan Diaz-chibcha : "]
[Site "www.chess-mail.com"]
[Date "2016.04.06"]
[Round "1"]
[White "Ilusion"]
[Black "Estonia"]
[WhiteElo "2120"]
[BlackElo "1970"]
[Result "1-0"]
[Round "1"]
1.d4 Ng8f6
2.c4 e6
3.Nb1c3 d5
4.cxd5 Nf6xd5
5.e4 Nd5b6
6.Ng1f3 Bf8b4
7.Bf1d3 c5
8.O-O Nb8c6
9.Bc1g5 f6
10.Bg5e3 cxd4
11.Nf3xd4 Nc6xd4
12.Be3xd4 e5
13.Bd4xb6 Qd8xb6
14.Nc3d5 Qb6d6
15.Qd1a4 Bc8d7
16.Qa4xb4 Qd6xb4
17.Nd5xb4 a5
18.Nb4d5 Ra8c8
19.Nd5b6 Rc8c6
20.Nb6xd7 Kxd7
21.Bd3b5 Kc7
22.Bb5xc6 Kxc6
23.Ra1c1 Kb6
24.Rf1d1 h5
25.a4 h4
26.Rd1d6 Ka7
27.Rc1c7 h3
28.Rd6d7 { resign }
1-0

[Event "Eq:La Taverne-Los Tercios : "]
[Site "www.chess-mail.com"]
[Date "2016.04.06"]
[Round "1"]
[White "Coraza8091"]
[Black "Azorau"]
[WhiteElo "1680"]
[BlackElo "1900"]
[Result "0-1"]
[Round "1"]
1.e4 e5
2.Bf1c4 Bf8c5
3.Qd1f3 Ng8f6
4.Qf3b3 O-O
5.h3 Nf6xe4
6.d4 exd4
7.Bc4d5 Ne4d6
8.Ng1e2 Qd8e8
9.Bc1f4 Qe8e7
10.Bf4xd6 Bc5xd6
11.Bd5xb7 Bd6b4
12.c3 dxc3
13.Nb1xc3 Bb4xc3
14.bxc3 Rf8e8
15.Qb3b5 Bc8xb7
16.a3 Bb7a6
17.Qb5xb8 Qe7xe2
{ resign }
0-1